[Event "Open Praha 2018 - A"]
[Site "?"]
[Date "2018.01.19"]
[Round "9"]
[White "Kiriakov, Petr"]
[Black "Claridge-Hansen, William"]
[Result "1-0"]
[BlackElo "2304"]
[WhiteElo "2528"]
[LiveChessVersion "1.4.8"]

1. d4 {[%clk 1:30:58]} Nf6 {[%clk 1:30:53]} 2. c4 {[%clk 1:31:24]} e6
{[%clk 1:31:05]} 3. Nc3 {[%clk 1:31:47]} Bb4 {[%clk 1:31:29]} 4. Qc2
{[%clk 1:31:48]} c5 {[%clk 1:31:43]} 5. dxc5 {[%clk 1:32:13]} Bxc5
{[%clk 1:32:03]} 6. Nf3 {[%clk 1:32:37]} Qb6 {[%clk 1:31:51]} 7. e3
{[%clk 1:32:45]} Qc7 {[%clk 1:32:11]} 8. Bd2 {[%clk 1:27:54]} b6 {[%clk 1:30:55]}
9. O-O-O {[%clk 1:26:07]} a6 {[%clk 1:30:14]} 10. Bd3 {[%clk 1:22:03]} Nc6
{[%clk 1:23:45]} 11. a3 {[%clk 1:20:37]} Bb7 {[%clk 1:21:42]} 12. Kb1
{[%clk 1:19:56]} O-O-O {[%clk 1:14:26]} 13. Na4 {[%clk 1:15:15]} Kb8
{[%clk 1:10:32]} 14. Bc3 {[%clk 1:12:54]} Be7 {[%clk 1:06:31]} 15. Ng5
{[%clk 1:04:51]} Rhf8 {[%clk 0:58:41]} 16. Qb3 {[%clk 0:58:59]} h6
{[%clk 0:57:06]} 17. Ne4 {[%clk 0:56:41]} Ka7 {[%clk 0:52:15]} 18. Nxf6
{[%clk 0:53:26]} Bxf6 {[%clk 0:51:53]} 19. c5 {[%clk 0:45:20]} b5
{[%clk 0:45:32]} 20. Bxf6 {[%clk 0:44:51]} gxf6 {[%clk 0:45:25]} 21. Nc3
{[%clk 0:44:31]} Ne5 {[%clk 0:42:31]} 22. Bxb5 {[%clk 0:41:30]} Qxc5
{[%clk 0:40:30]} 23. Rd4 {[%clk 0:34:31]} d5 {[%clk 0:29:20]} 24. Rc1
{[%clk 0:32:54]} Qb6 {[%clk 0:28:34]} 25. Rb4 {[%clk 0:29:07]} a5
{[%clk 0:26:14]} 26. Rf4 {[%clk 0:23:21]} Nd3 {[%clk 0:24:55]} 27. Qa4
{[%clk 0:19:00]} Nxf4 {[%clk 0:23:39]} 28. Qxf4 {[%clk 0:15:43]} e5
{[%clk 0:23:11]} 29. Qf5 {[%clk 0:15:57]} Rc8 {[%clk 0:19:47]} 30. Bd7
{[%clk 0:14:44]} Rc5 {[%clk 0:19:44]} 31. Rc2 {[%clk 0:13:52]} Bc6
{[%clk 0:18:02]} 32. Qxf6 {[%clk 0:13:00]} Bxd7 {[%clk 0:17:08]} 33. Qe7
{[%clk 0:13:23]} Rc7 {[%clk 0:05:02]} 34. Qxf8 {[%clk 0:09:36]} Bf5
{[%clk 0:05:16]} 35. e4 {[%clk 0:09:57]} Bxe4 {[%clk 0:05:07]} 36. Nxe4
{[%clk 0:10:06]} dxe4 {[%clk 0:04:52]} 37. Rxc7+ {[%clk 0:08:01]} Qxc7
{[%clk 0:05:20]} 38. Qxh6 {[%clk 0:08:21]} Qc4 {[%clk 0:05:27]} 39. Qe3+
{[%clk 0:08:28]} Ka6 {[%clk 0:05:05]} 40. g4 {[%clk 0:08:30]} a4 {[%clk 0:02:29]}
41. g5 {[%clk 0:05:17]} Qf1+ {[%clk 0:30:21]} 42. Kc2 {[%clk 0:35:41]} Qc4+
{[%clk 0:28:34]} 43. Kd2 {[%clk 0:36:03]} Qd5+ {[%clk 0:28:19]} 44. Ke1
{[%clk 0:36:15]} Kb5 {[%clk 0:27:17]} 45. h4 {[%clk 0:35:57]} Qa2
{[%clk 0:26:58]} 46. Qc3 {[%clk 0:34:19]} Qb1+ {[%clk 0:26:41]} 47. Ke2
{[%clk 0:34:23]} Qh1 {[%clk 0:26:37]} 48. Qb4+ {[%clk 0:32:39]} Kc6
{[%clk 0:26:14]} 49. Qxa4+ {[%clk 0:33:06]} Kd6 {[%clk 0:26:15]} 50. Qa6+
{[%clk 0:33:15]} Kd5 {[%clk 0:25:41]} 51. Qb5+ {[%clk 0:33:12]} Kd6
{[%clk 0:25:42]} 52. Qb8+ {[%clk 0:31:41]} Kd5 {[%clk 0:25:43]} 53. Qb7+
{[%clk 0:31:56]} Kd4 {[%clk 0:25:54]} 54. Qd7+ {[%clk 0:32:06]} Kc5
{[%clk 0:26:09]} 55. b4+ {[%clk 0:32:20]} Kb6 {[%clk 0:26:35]} 56. Qxf7
{[%clk 0:32:23]} Qxh4 {[%clk 0:26:41]} 57. Qe6+ {[%clk 0:32:27]} Kb5
{[%clk 0:27:01]} 58. Qxe5+ {[%clk 0:32:40]} Ka4 {[%clk 0:27:24]} 59. Ke3
{[%clk 0:27:43]} Kxa3 {[%clk 0:27:11]} 60. Qg3 {[%clk 0:28:03]} Qh7
{[%clk 0:26:29]} 61. g6 {[%clk 0:27:58]} Qg7 {[%clk 0:26:28]} 62. Kxe4+
{[%clk 0:27:33]} Kxb4 {[%clk 0:26:50]} 63. Qd6+ {[%clk 0:27:58]} Kb3
{[%clk 0:26:45]} 64. f4 {[%clk 0:27:59]} 1-0

[Event "Open Praha 2018 - A"]
[Site "?"]
[Date "2018.01.19"]
[Round "9"]
[White "Chernyshov, Konstantin"]
[Black "Prudnykova, Olga"]
[Result "1-0"]
[BlackElo "2280"]
[WhiteElo "2480"]
[LiveChessVersion "1.4.8"]

1. d4 {[%clk 1:30:55]} Nf6 {[%clk 1:30:54]} 2. Bg5 {[%clk 1:30:16]} c5
{[%clk 1:31:09]} 3. Bxf6 {[%clk 1:30:14]} gxf6 {[%clk 1:31:34]} 4. c3
{[%clk 1:29:40]} Qb6 {[%clk 1:31:49]} 5. Qd2 {[%clk 1:29:21]} d5 {[%clk 1:31:42]}
6. e3 {[%clk 1:28:28]} e5 {[%clk 1:30:05]} 7. Nf3 {[%clk 1:19:06]} Nc6
{[%clk 1:25:43]} 8. Be2 {[%clk 1:17:50]} Be6 {[%clk 1:18:31]} 9. O-O
{[%clk 1:16:57]} O-O-O {[%clk 1:06:03]} 10. Na3 {[%clk 1:11:53]} h5
{[%clk 0:55:40]} 11. Nc2 {[%clk 1:04:30]} h4 {[%clk 0:54:17]} 12. Rfb1
{[%clk 1:03:53]} cxd4 {[%clk 0:51:25]} 13. cxd4 {[%clk 1:04:11]} e4
{[%clk 0:38:17]} 14. Nfe1 {[%clk 1:04:34]} Bd6 {[%clk 0:36:56]} 15. b4
{[%clk 1:01:09]} Qc7 {[%clk 0:34:48]} 16. Kh1 {[%clk 0:58:36]} Bxh2
{[%clk 0:31:46]} 17. b5 {[%clk 0:59:01]} Bg3 {[%clk 0:19:28]} 18. fxg3
{[%clk 0:52:55]} Qxg3 {[%clk 0:15:41]} 19. Bf1 {[%clk 0:46:34]} h3
{[%clk 0:15:29]} 20. Kg1 {[%clk 0:46:42]} Rdg8 {[%clk 0:14:34]} 21. bxc6
{[%clk 0:45:27]} Qh2+ {[%clk 0:06:35]} 22. Kf2 {[%clk 0:45:51]} hxg2
{[%clk 0:06:57]} 23. Bxg2 {[%clk 0:33:21]} Bh3 {[%clk 0:02:12]} 24. Qb4
{[%clk 0:32:28]} b6 {[%clk 0:00:33]} 25. Qe7 {[%clk 0:31:23]} Rxg2+
{[%clk 0:00:44]} 26. Nxg2 {[%clk 0:31:48]} Qxg2+ {[%clk 0:00:53]} 27. Ke1
{[%clk 0:32:12]} Qf1+ {[%clk 0:00:34]} 28. Kd2 {[%clk 0:32:16]} Qd3+
{[%clk 0:00:45]} 29. Kc1 {[%clk 0:32:37]} Qf1+ {[%clk 0:00:58]} 30. Kb2
{[%clk 0:31:20]} Qb5+ {[%clk 0:01:23]} 31. Nb4 {[%clk 0:28:57]} Qe2+
{[%clk 0:01:40]} 32. Ka3 {[%clk 0:29:16]} Qxe3+ {[%clk 0:01:53]} 33. Rb3
{[%clk 0:29:41]} 1-0

[Event "Open Praha 2018 - A"]
[Site "?"]
[Date "2018.01.19"]
[Round "9"]
[White "Lee, Jun Hyeok"]
[Black "Neuman, Petr"]
[Result "0-1"]
[BlackElo "2452"]
[WhiteElo "2305"]
[LiveChessVersion "1.4.8"]

1. Nf3 {[%clk 1:30:58]} d5 {[%clk 1:20:23]} 2. d4 c6 {[%clk 1:20:37]} 3. e3
{[%clk 1:31:13]} Bf5 {[%clk 1:20:31]} 4. c4 {[%clk 1:29:07]} e6 {[%clk 1:20:54]}
5. Nc3 {[%clk 1:29:32]} Nd7 {[%clk 1:20:50]} 6. Be2 {[%clk 1:19:22]} h6
{[%clk 1:18:11]} 7. Bd3 {[%clk 1:13:56]} Bxd3 {[%clk 1:16:40]} 8. Qxd3
{[%clk 1:14:24]} Ngf6 {[%clk 1:16:48]} 9. O-O {[%clk 1:14:46]} Bb4
{[%clk 1:16:59]} 10. Bd2 {[%clk 1:14:40]} Ba5 {[%clk 1:15:11]} 11. b4
{[%clk 1:07:13]} Bc7 {[%clk 1:14:18]} 12. e4 {[%clk 1:01:53]} Nb6
{[%clk 1:11:54]} 13. cxd5 {[%clk 0:56:09]} cxd5 {[%clk 1:08:45]} 14. e5
{[%clk 0:56:33]} Nfd7 {[%clk 1:09:08]} 15. Ne2 {[%clk 0:55:42]} Nc4
{[%clk 1:08:46]} 16. Bf4 {[%clk 0:55:09]} Qe7 {[%clk 1:08:25]} 17. Nd2
{[%clk 0:52:35]} Nxd2 {[%clk 1:08:05]} 18. Bxd2 {[%clk 0:48:47]} Nb6
{[%clk 1:07:05]} 19. f4 {[%clk 0:44:14]} g6 {[%clk 1:05:29]} 20. Qh3
{[%clk 0:38:13]} Nc4 {[%clk 1:03:12]} 21. Be1 {[%clk 0:38:33]} O-O-O
{[%clk 1:02:03]} 22. a4 {[%clk 0:36:49]} Kb8 {[%clk 1:02:15]} 23. a5
{[%clk 0:35:09]} Rc8 {[%clk 0:58:59]} 24. Nc3 {[%clk 0:32:43]} Qd7
{[%clk 0:54:49]} 25. Na4 {[%clk 0:31:01]} Bd8 {[%clk 0:55:12]} 26. Nc5
{[%clk 0:28:15]} Qb5 {[%clk 0:55:33]} 27. Bh4 {[%clk 0:28:29]} Bxh4
{[%clk 0:55:10]} 28. Qxh4 {[%clk 0:28:55]} Ne3 {[%clk 0:54:06]} 29. Rfb1
{[%clk 0:25:05]} Nc2 {[%clk 0:52:00]} 30. Ra2 {[%clk 0:21:24]} Nxd4
{[%clk 0:52:06]} 31. Qf6 {[%clk 0:21:07]} Qe8 {[%clk 0:46:25]} 32. a6
{[%clk 0:18:03]} b6 {[%clk 0:44:50]} 33. Nb7 {[%clk 0:18:30]} Rc7
{[%clk 0:44:25]} 34. Rd2 {[%clk 0:15:20]} Nf5 {[%clk 0:43:14]} 35. Kf2
{[%clk 0:15:16]} h5 {[%clk 0:42:32]} 36. Rbb2 {[%clk 0:14:40]} Qc8
{[%clk 0:41:54]} 37. b5 {[%clk 0:09:52]} Rc1 {[%clk 0:32:39]} 38. Qxh8
{[%clk 0:02:56]} Qxh8 {[%clk 0:32:56]} 39. Rdc2 {[%clk 0:03:18]} Rxc2+
{[%clk 0:33:03]} 40. Rxc2 {[%clk 0:03:43]} Qh6 {[%clk 0:30:37]} 41. g3
{[%clk 0:03:58]} h4 {[%clk 0:30:44]} 42. Rc8+ {[%clk 0:30:27]} 0-1

[Event "Open Praha 2018 - A"]
[Site "?"]
[Date "2018.01.19"]
[Round "9"]
[White "Druska, Juraj"]
[Black "Mishuchkov, Nikolai"]
[Result "1/2-1/2"]
[BlackElo "2303"]
[WhiteElo "2435"]
[LiveChessVersion "1.4.8"]

1. e4 c5 2. Nf3 e6 3. d4 cxd4 4. Nxd4 a6 5. Bd3 Nc6 6. Nxc6 dxc6 7. O-O e5 8. Nd2
Nf6 9. a4 Bc5 10. Nc4 Nd7 11. a5 O-O 12. Qe2 Re8 13. c3 Nf6 14. Be3 Qe7 15. Bxc5
Qxc5 16. b4 Qe7 17. Qe3 Rd8 18. Be2 h6 19. f3 Bd7 20. Qc5 Qxc5+ 21. bxc5 Be6 22.
Nxe5 Rd2 23. Kf2 Re8 24. Rfd1 Rb2 25. c4 Re7 26. Rdb1 Rxb1 27. Rxb1 Bc8 28. Nd3
Nd7 29. Rd1 g5 30. Nc1 Kg7 31. Nd3 Ne5 32. Nb2 Be6 33. Ke3 f5 34. Rd8 fxe4 35.
fxe4 Bg4 36. Bf3 Bxf3 37. gxf3 Rf7 38. Re8 1/2-1/2

[Event "Open Praha 2018 - A"]
[Site "?"]
[Date "2018.01.19"]
[Round "9"]
[White "Popov, Mikhail"]
[Black "Michalczak, Thomas"]
[Result "1-0"]
[BlackElo "2208"]
[WhiteElo "2416"]
[LiveChessVersion "1.4.8"]

1. d4 {[%clk 1:30:55]} Nf6 {[%clk 1:30:55]} 2. Nf3 {[%clk 1:31:20]} d5
{[%clk 1:31:21]} 3. c4 {[%clk 1:31:44]} e6 {[%clk 1:31:45]} 4. Nc3
{[%clk 1:31:36]} Nbd7 {[%clk 1:32:04]} 5. Bf4 {[%clk 1:30:40]} Be7
{[%clk 1:31:23]} 6. e3 {[%clk 1:30:43]} O-O {[%clk 1:31:46]} 7. a3
{[%clk 1:29:54]} c5 {[%clk 1:28:54]} 8. cxd5 {[%clk 1:29:32]} Nxd5
{[%clk 1:29:17]} 9. Nxd5 {[%clk 1:29:26]} exd5 {[%clk 1:29:44]} 10. dxc5
{[%clk 1:29:45]} Nxc5 {[%clk 1:30:09]} 11. Be2 {[%clk 1:28:48]} Bf6
{[%clk 1:28:55]} 12. Be5 {[%clk 1:28:18]} Bxe5 {[%clk 1:27:34]} 13. Nxe5
{[%clk 1:28:43]} Bf5 {[%clk 1:27:34]} 14. O-O {[%clk 1:22:31]} Ne6
{[%clk 1:26:59]} 15. Bf3 {[%clk 0:57:16]} Be4 {[%clk 1:27:12]} 16. Rc1
{[%clk 0:47:08]} Bxf3 {[%clk 1:11:12]} 17. Nxf3 {[%clk 0:46:56]} Qb6
{[%clk 1:08:20]} 18. Qd2 {[%clk 0:40:26]} Rfd8 {[%clk 1:07:44]} 19. Rfd1
{[%clk 0:39:20]} Rd6 {[%clk 0:53:17]} 20. Nd4 {[%clk 0:34:06]} Nxd4
{[%clk 0:52:52]} 21. Qxd4 {[%clk 0:34:28]} Qxd4 {[%clk 0:53:13]} 22. Rxd4
{[%clk 0:34:52]} Rad8 {[%clk 0:53:39]} 23. e4 {[%clk 0:26:07]} Kf8
{[%clk 0:53:36]} 24. Rcd1 {[%clk 0:26:01]} Ke7 {[%clk 0:53:58]} 25. exd5
{[%clk 0:25:51]} Rg6 {[%clk 0:45:46]} 26. f4 {[%clk 0:24:31]} Kd6
{[%clk 0:44:49]} 27. Rc1 {[%clk 0:20:55]} Re8 {[%clk 0:44:50]} 28. Kf2
{[%clk 0:21:05]} h5 {[%clk 0:44:12]} 29. Kf3 {[%clk 0:13:55]} Rh6
{[%clk 0:40:02]} 30. Rb4 {[%clk 0:08:25]} Re7 {[%clk 0:40:12]} 31. Re4
{[%clk 0:07:16]} Rxe4 {[%clk 0:39:32]} 32. Kxe4 {[%clk 0:07:44]} Rh8
{[%clk 0:39:51]} 33. Rc2 {[%clk 0:06:38]} g6 {[%clk 0:39:43]} 34. g3
{[%clk 0:05:08]} Re8+ {[%clk 0:38:44]} 35. Kd4 {[%clk 0:05:36]} f5
{[%clk 0:32:02]} 36. b4 {[%clk 0:03:11]} a6 {[%clk 0:31:59]} 37. Kd3
{[%clk 0:02:17]} Kxd5 {[%clk 0:30:33]} 38. Rc7 {[%clk 0:02:30]} b5
{[%clk 0:30:52]} 39. Rc5+ {[%clk 0:00:56]} Kd6 {[%clk 0:31:11]} 40. a4
{[%clk 0:01:07]} bxa4 {[%clk 0:08:33]} 41. Ra5 {[%clk 0:01:11]} Ra8
{[%clk 0:08:46]} 42. Kd4 {[%clk 0:14:17]} Kc7 {[%clk 0:28:53]} 43. Ke5
{[%clk 0:13:26]} Rb8 {[%clk 0:29:00]} 44. Rc5+ {[%clk 0:12:27]} Kd7
{[%clk 0:28:58]} 45. Kf6 {[%clk 0:12:22]} Rb6+ {[%clk 0:28:16]} 46. Kf7
{[%clk 0:11:47]} h4 {[%clk 0:22:55]} 47. Ra5 {[%clk 0:07:43]} hxg3
{[%clk 0:22:06]} 48. hxg3 {[%clk 0:08:09]} Kc7 {[%clk 0:22:23]} 49. Rxa4
{[%clk 0:07:59]} Kb7 {[%clk 0:22:45]} 50. Kg7 {[%clk 0:03:20]} Rd6
{[%clk 0:22:34]} 51. Ra5 {[%clk 0:03:07]} Kb6 {[%clk 0:20:29]} 52. Re5
{[%clk 0:03:28]} Rc6 {[%clk 0:20:51]} 53. Kf7 {[%clk 0:03:26]} Rd6
{[%clk 0:21:11]} 54. Rc5 {[%clk 0:02:15]} Rd3 {[%clk 0:18:36]} 55. Kxg6
{[%clk 0:02:30]} Rxg3+ {[%clk 0:19:01]} 56. Kxf5 {[%clk 0:02:56]} Rb3
{[%clk 0:19:25]} 57. Rc4 {[%clk 0:02:28]} Kb5 {[%clk 0:19:49]} 58. Re4
{[%clk 0:02:53]} Rxb4 {[%clk 0:20:15]} 59. Rxb4+ {[%clk 0:02:57]} Kxb4
{[%clk 0:20:40]} 60. Ke6 {[%clk 0:02:46]} 1-0

[Event "Open Praha 2018 - A"]
[Site "?"]
[Date "2018.01.19"]
[Round "9"]
[White "Tuma, Jiri"]
[Black "Lalic, Bogdan"]
[Result "1/2-1/2"]
[BlackElo "2415"]
[WhiteElo "2272"]
[LiveChessVersion "1.4.8"]

1. e4 {[%clk 1:24:21]} e5 {[%clk 1:30:55]} 2. Nf3 {[%clk 1:24:28]} Nc6
{[%clk 1:31:19]} 3. Nc3 {[%clk 1:24:16]} Nf6 {[%clk 1:31:40]} 4. d4
{[%clk 1:24:14]} exd4 {[%clk 1:32:01]} 5. Nd5 {[%clk 1:24:10]} Nb4
{[%clk 1:30:14]} 6. Nxd4 {[%clk 1:22:18]} Nbxd5 {[%clk 1:26:02]} 7. exd5
{[%clk 1:22:37]} Bc5 {[%clk 1:24:54]} 8. Be2 {[%clk 1:08:35]} d6 {[%clk 1:24:29]}
9. O-O {[%clk 1:03:34]} O-O {[%clk 1:22:54]} 10. c4 {[%clk 0:57:58]} h6
{[%clk 1:20:22]} 11. b3 {[%clk 0:53:20]} Ne4 {[%clk 1:16:52]} 12. Bb2
{[%clk 0:41:46]} Re8 {[%clk 1:16:55]} 13. Bf3 {[%clk 0:31:21]} Bd7
{[%clk 1:09:11]} 14. Qd3 {[%clk 0:28:49]} Ng5 {[%clk 1:07:22]} 15. Nf5
{[%clk 0:22:02]} Bxf5 {[%clk 1:00:27]} 16. Qxf5 {[%clk 0:22:23]} Nxf3+
{[%clk 1:00:53]} 17. Qxf3 {[%clk 0:22:38]} Qg5 {[%clk 1:01:17]} 18. Bc3
{[%clk 0:13:46]} Re7 {[%clk 0:55:19]} 19. Rfe1 {[%clk 0:05:20]} Rae8
{[%clk 0:55:38]} 20. Kf1 {[%clk 0:03:49]} Rxe1+ {[%clk 0:49:01]} 21. Rxe1
{[%clk 0:04:06]} Rxe1+ {[%clk 0:49:25]} 1/2-1/2

[Event "Open Praha 2018 - A"]
[Site "?"]
[Date "2018.01.19"]
[Round "9"]
[White "Nitish, Belurkar"]
[Black "Moehn, Hans"]
[Result "1-0"]
[BlackElo "2378"]
[WhiteElo "2270"]
[LiveChessVersion "1.4.8"]

1. e4 {[%clk 1:30:55]} d5 {[%clk 1:25:12]} 2. exd5 {[%clk 1:31:09]} Qxd5
{[%clk 1:25:37]} 3. d4 {[%clk 1:31:28]} Nf6 {[%clk 1:25:01]} 4. Nf3
{[%clk 1:31:32]} Bg4 {[%clk 1:21:16]} 5. Be2 {[%clk 1:30:13]} c6 {[%clk 1:20:40]}
6. O-O {[%clk 1:28:02]} g6 {[%clk 1:14:49]} 7. h3 {[%clk 1:25:34]} Bxf3
{[%clk 1:15:13]} 8. Bxf3 {[%clk 1:25:57]} Qd8 {[%clk 1:13:10]} 9. c4
{[%clk 1:24:18]} Bg7 {[%clk 1:13:17]} 10. Nc3 {[%clk 1:24:27]} O-O
{[%clk 1:13:10]} 11. Bf4 {[%clk 1:16:08]} Ne8 {[%clk 1:10:45]} 12. d5
{[%clk 1:05:06]} Nd6 {[%clk 1:01:39]} 13. Qb3 {[%clk 0:59:09]} c5
{[%clk 1:00:02]} 14. Nb5 {[%clk 0:49:44]} b6 {[%clk 0:57:40]} 15. Rfe1
{[%clk 0:48:23]} a6 {[%clk 0:55:53]} 16. Nxd6 {[%clk 0:46:32]} exd6
{[%clk 0:56:08]} 17. Re2 {[%clk 0:46:31]} Qf6 {[%clk 0:42:05]} 18. Qe3
{[%clk 0:36:33]} h6 {[%clk 0:41:31]} 19. Bg4 {[%clk 0:29:45]} Kh7
{[%clk 0:24:32]} 20. Qg3 {[%clk 0:22:21]} Rd8 {[%clk 0:20:49]} 21. Rae1
{[%clk 0:21:33]} a5 {[%clk 0:12:16]} 22. Re7 {[%clk 0:13:36]} h5 {[%clk 0:02:00]}
23. Bf3 {[%clk 0:11:03]} Rd7 {[%clk 0:02:29]} 24. Re8 {[%clk 0:10:15]} Bh6
{[%clk 0:01:57]} 25. Bxh6 {[%clk 0:09:32]} Kxh6 {[%clk 0:02:26]} 26. Rf8
{[%clk 0:09:04]} Qxb2 {[%clk 0:00:33]} 27. Qf4+ {[%clk 0:07:51]} Kg7
{[%clk 0:00:53]} 28. Ree8 {[%clk 0:07:59]} a4 {[%clk 0:00:45]} 29. Rh8
{[%clk 0:08:19]} 1-0

[Event "Open Praha 2018 - A"]
[Site "?"]
[Date "2018.01.19"]
[Round "9"]
[White "Mihajlov, Sebastian"]
[Black "Harshini, A"]
[Result "1-0"]
[BlackElo "2185"]
[WhiteElo "2371"]
[LiveChessVersion "1.4.8"]

1. d4 {[%clk 1:04:08]} Nf6 {[%clk 1:30:48]} 2. c4 {[%clk 1:04:34]} g6
{[%clk 1:31:10]} 3. Nc3 {[%clk 1:05:01]} d5 {[%clk 1:31:36]} 4. cxd5
{[%clk 1:05:00]} Nxd5 {[%clk 1:31:59]} 5. e4 {[%clk 1:05:27]} Nxc3
{[%clk 1:32:23]} 6. bxc3 {[%clk 1:05:54]} Bg7 {[%clk 1:32:47]} 7. Bc4
{[%clk 1:06:21]} c5 {[%clk 1:33:12]} 8. Ne2 {[%clk 1:06:47]} O-O {[%clk 1:33:32]}
9. O-O {[%clk 1:07:13]} Nc6 {[%clk 1:30:23]} 10. Be3 {[%clk 1:07:38]} Qc7
{[%clk 1:26:08]} 11. Rc1 {[%clk 1:07:42]} b6 {[%clk 1:23:02]} 12. Qd2
{[%clk 1:04:29]} Bb7 {[%clk 1:21:20]} 13. Rfd1 {[%clk 1:04:52]} Rad8
{[%clk 1:16:26]} 14. Bf4 {[%clk 1:01:55]} e5 {[%clk 1:14:20]} 15. Bg5
{[%clk 1:02:16]} Rd6 {[%clk 1:12:41]} 16. Bd5 {[%clk 0:59:58]} Rd7
{[%clk 0:56:23]} 17. dxc5 {[%clk 0:56:38]} bxc5 {[%clk 0:56:32]} 18. Qe3
{[%clk 0:56:35]} Na5 {[%clk 0:55:52]} 19. c4 {[%clk 0:56:40]} Ba6
{[%clk 0:53:45]} 20. Rd3 {[%clk 0:51:48]} Rb8 {[%clk 0:52:05]} 21. h4
{[%clk 0:46:38]} Rb4 {[%clk 0:47:04]} 22. Qd2 {[%clk 0:44:09]} Bc8
{[%clk 0:44:16]} 23. h5 {[%clk 0:40:30]} Nc6 {[%clk 0:42:46]} 24. Bh6
{[%clk 0:36:15]} Ne7 {[%clk 0:34:01]} 25. hxg6 {[%clk 0:27:08]} hxg6
{[%clk 0:33:30]} 26. Rh3 {[%clk 0:20:49]} Rxd5 {[%clk 0:27:49]} 27. cxd5
{[%clk 0:21:05]} Bxh3 {[%clk 0:28:14]} 28. Bxg7 {[%clk 0:21:16]} Kxg7
{[%clk 0:27:59]} 29. Qxb4 {[%clk 0:21:39]} 1-0

[Event "Open Praha 2018 - A"]
[Site "?"]
[Date "2018.01.19"]
[Round "9"]
[White "Szpar, Milosz"]
[Black "Krivanek, Vladimir"]
[Result "1-0"]
[BlackElo "2076"]
[WhiteElo "2367"]
[LiveChessVersion "1.4.8"]

1. e4 {[%clk 1:30:57]} b6 {[%clk 1:28:16]} 2. d4 {[%clk 1:31:13]} Bb7
{[%clk 1:28:39]} 3. Nc3 {[%clk 1:31:28]} e6 {[%clk 1:28:25]} 4. Nf3
{[%clk 1:28:51]} Bb4 {[%clk 1:28:15]} 5. Bd3 {[%clk 1:28:34]} Nf6
{[%clk 1:27:57]} 6. Qe2 {[%clk 1:28:43]} d5 {[%clk 1:27:42]} 7. e5
{[%clk 1:22:07]} Ne4 {[%clk 1:26:03]} 8. O-O {[%clk 1:22:05]} Bxc3
{[%clk 1:23:35]} 9. bxc3 {[%clk 1:22:00]} Nxc3 {[%clk 1:22:59]} 10. Qe3
{[%clk 1:21:52]} h6 {[%clk 1:14:58]} 11. Nd2 {[%clk 1:17:26]} Qd7
{[%clk 0:54:42]} 12. f4 {[%clk 1:11:30]} g6 {[%clk 0:54:41]} 13. Bb2
{[%clk 1:09:30]} Na4 {[%clk 0:54:15]} 14. Ba3 {[%clk 1:09:52]} a6
{[%clk 0:48:29]} 15. c4 {[%clk 1:06:44]} dxc4 {[%clk 0:47:13]} 16. Ne4
{[%clk 1:05:42]} Bxe4 {[%clk 0:45:43]} 17. Bxe4 {[%clk 1:05:42]} Nc6
{[%clk 0:43:10]} 18. Rad1 {[%clk 1:03:13]} O-O-O {[%clk 0:39:09]} 19. d5
{[%clk 0:59:44]} Ne7 {[%clk 0:38:13]} 20. dxe6 {[%clk 0:53:52]} Qxe6
{[%clk 0:37:48]} 21. Qf3 {[%clk 0:52:35]} Kb8 {[%clk 0:30:37]} 22. Bc2
{[%clk 0:51:56]} b5 {[%clk 0:18:44]} 23. Bxa4 {[%clk 0:52:09]} Nd5
{[%clk 0:17:21]} 24. Bc2 {[%clk 0:50:06]} Qb6+ {[%clk 0:17:09]} 25. Kh1
{[%clk 0:46:11]} Ne3 {[%clk 0:17:25]} 26. Qf2 {[%clk 0:42:59]} Nxd1
{[%clk 0:14:58]} 27. Qxb6+ {[%clk 0:42:02]} cxb6 {[%clk 0:15:26]} 28. Rxd1
{[%clk 0:36:34]} Rxd1+ {[%clk 0:14:27]} 29. Bxd1 {[%clk 0:37:00]} a5
{[%clk 0:12:59]} 30. Bd6+ {[%clk 0:36:49]} Ka7 {[%clk 0:12:22]} 31. Kg1
{[%clk 0:35:50]} b4 {[%clk 0:12:06]} 32. Kf2 {[%clk 0:35:53]} Rc8
{[%clk 0:11:10]} 33. Ke2 {[%clk 0:33:17]} b5 {[%clk 0:11:20]} 34. Bc2
{[%clk 0:17:58]} Kb6 {[%clk 0:11:06]} 35. g4 {[%clk 0:16:11]} h5 {[%clk 0:05:47]}
36. g5 {[%clk 0:11:56]} c3 {[%clk 0:05:02]} 37. Kd3 {[%clk 0:11:32]} Rc4
{[%clk 0:05:13]} 38. Bb3 {[%clk 0:11:13]} Kc6 {[%clk 0:00:57]} 39. Bxc4
{[%clk 0:10:10]} bxc4+ {[%clk 0:01:25]} 40. Kc2 {[%clk 0:10:32]} Kb5
{[%clk 0:00:35]} 41. f5 {[%clk 0:10:00]} Kc6 {[%clk 0:25:40]} 42. Bf8
{[%clk 0:33:04]} Kd7 {[%clk 0:23:07]} 43. e6+ {[%clk 0:32:44]} Ke8
{[%clk 0:21:29]} 44. fxg6 {[%clk 0:32:33]} fxg6 {[%clk 0:19:23]} 45. Bd6
{[%clk 0:32:45]} Kd8 {[%clk 0:19:23]} 46. a4 {[%clk 0:29:59]} Kc8
{[%clk 0:15:50]} 47. Bxb4 {[%clk 0:28:45]} axb4 {[%clk 0:15:42]} 48. a5
{[%clk 0:28:59]} 1-0

[Event "Open Praha 2018 - A"]
[Site "?"]
[Date "2018.01.19"]
[Round "9"]
[White "Storme, Isak"]
[Black "Kaasen, Tor Fredrik"]
[Result "0-1"]
[BlackElo "2340"]
[WhiteElo "2171"]
[LiveChessVersion "1.4.8"]

1. d4 {[%clk 1:30:57]} Nf6 {[%clk 1:24:58]} 2. c4 {[%clk 1:31:08]} g6
{[%clk 1:25:12]} 3. Nc3 {[%clk 1:31:31]} Bg7 {[%clk 1:25:38]} 4. e4
{[%clk 1:31:55]} d6 {[%clk 1:26:03]} 5. f3 {[%clk 1:32:18]} O-O {[%clk 1:25:39]}
6. Be3 {[%clk 1:32:41]} c6 {[%clk 1:18:05]} 7. Qd2 {[%clk 1:30:27]} Nbd7
{[%clk 1:15:53]} 8. Nge2 {[%clk 1:29:07]} a6 {[%clk 1:15:35]} 9. g4
{[%clk 1:28:08]} e5 {[%clk 1:12:39]} 10. d5 {[%clk 1:24:25]} cxd5
{[%clk 1:12:02]} 11. cxd5 {[%clk 1:23:10]} b5 {[%clk 1:11:52]} 12. a3
{[%clk 1:22:31]} Rb8 {[%clk 1:04:34]} 13. Ng3 {[%clk 1:21:28]} Nc5
{[%clk 1:04:44]} 14. Qc2 {[%clk 1:16:21]} Qc7 {[%clk 0:58:29]} 15. b4
{[%clk 1:10:16]} Ncxe4 {[%clk 0:47:45]} 16. fxe4 {[%clk 1:08:29]} Nxg4
{[%clk 0:47:45]} 17. Bd2 {[%clk 1:06:41]} f5 {[%clk 0:44:10]} 18. exf5
{[%clk 0:55:36]} Qa7 {[%clk 0:36:53]} 19. O-O-O {[%clk 0:41:28]} gxf5
{[%clk 0:34:53]} 20. Nh5 {[%clk 0:34:23]} Rb7 {[%clk 0:20:29]} 21. Nxg7
{[%clk 0:27:31]} Rxg7 {[%clk 0:20:21]} 22. Be2 {[%clk 0:25:42]} f4
{[%clk 0:19:17]} 23. Rhg1 {[%clk 0:16:33]} Bf5 {[%clk 0:02:30]} 24. Bd3
{[%clk 0:16:36]} Bxd3 {[%clk 0:02:08]} 25. Qxd3 {[%clk 0:17:00]} Nf2
{[%clk 0:02:34]} 26. Rxg7+ {[%clk 0:17:19]} Qxg7 {[%clk 0:03:03]} 27. Qf3
{[%clk 0:16:42]} Nxd1 {[%clk 0:03:28]} 28. Kxd1 {[%clk 0:16:03]} Qg1+
{[%clk 0:03:18]} 29. Kc2 {[%clk 0:16:29]} h5 {[%clk 0:03:12]} 30. Qxh5
{[%clk 0:15:37]} Qg2 {[%clk 0:01:36]} 31. Qh6 {[%clk 0:11:13]} f3
{[%clk 0:00:53]} 32. Qe6+ {[%clk 0:10:34]} Rf7 {[%clk 0:00:59]} 33. Ne4
{[%clk 0:10:41]} f2 {[%clk 0:00:32]} 34. Nf6+ {[%clk 0:06:42]} Kg7
{[%clk 0:01:01]} 35. Nh5+ {[%clk 0:02:42]} Kh8 {[%clk 0:01:03]} 36. Qh6+
{[%clk 0:01:03]} Kg8 {[%clk 0:01:32]} 37. Ng3 {[%clk 0:00:48]} f1=Q
{[%clk 0:01:01]} 38. Nxf1 {[%clk 0:01:05]} Rxf1 {[%clk 0:01:18]} 39. Qe6+
{[%clk 0:01:13]} Rf7 {[%clk 0:00:53]} 40. Qxd6 {[%clk 0:01:08]} Qe4+
{[%clk 0:01:15]} 41. Kb2 {[%clk 0:01:07]} Qd4+ {[%clk 0:01:30]} 42. Kc2
{[%clk 0:01:24]} Qe4+ {[%clk 0:29:58]} 43. Kb2 {[%clk 0:30:26]} Qg2
{[%clk 0:17:35]} 44. Kc2 {[%clk 0:26:41]} Qxh2 {[%clk 0:15:19]} 45. Qe6
{[%clk 0:25:30]} Qh7+ {[%clk 0:13:32]} 46. Kb2 {[%clk 0:25:44]} Qf5
{[%clk 0:12:34]} 47. Qxa6 {[%clk 0:25:05]} Qd3 {[%clk 0:11:11]} 48. Qc8+
{[%clk 0:25:09]} Kh7 {[%clk 0:11:15]} 49. Qc2 {[%clk 0:24:56]} Qxc2+
{[%clk 0:11:34]} 50. Kxc2 {[%clk 0:25:19]} Rd7 {[%clk 0:12:01]} 51. Bc3
{[%clk 0:23:15]} Rxd5 {[%clk 0:11:39]} 52. Kb3 {[%clk 0:23:39]} Rd3
{[%clk 0:11:10]} 53. Kc2 {[%clk 0:24:04]} e4 {[%clk 0:11:36]} 0-1